Systematic Theology/ (Record no. 19356)

MARC details
000 -LEADER
fixed length control field 00419nam a22001577a 4500
008 - FIXED-LENGTH DATA ELEMENTS--GENERAL INFORMATION
fixed length control field 220630b |||||||| |||| 00| 0 eng d
020 ## - INTERNATIONAL STANDARD BOOK NUMBER
International Standard Book Number 1433541308
050 ## - LIBRARY OF CONGRESS CALL NUMBER
Classification number BV75.3
Item number .L48 2019
100 ## - MAIN ENTRY--PERSONAL NAME
Personal name Letham, Robert
245 ## - TITLE STATEMENT
Title Systematic Theology/
Statement of responsibility, etc. Robert Letham
260 ## - PUBLICATION, DISTRIBUTION, ETC. (IMPRINT)
Place of publication, distribution, etc. Illinois
Name of publisher, distributor, etc. Crossway
Date of publication, distribution, etc. 2019
300 ## - PHYSICAL DESCRIPTION
Extent 1072p.
650 ## - SUBJECT ADDED ENTRY--TOPICAL TERM
Topical term or geographic name as entry element Theology, doctrinal
650 ## - SUBJECT ADDED ENTRY--TOPICAL TERM
Topical term or geographic name as entry element Reformed church
Form subdivision Doctrines
942 ## - ADDED ENTRY ELEMENTS (KOHA)
Source of classification or shelving scheme Library of Congress Classification
Koha item type General Collection
Holdings
Withdrawn status Lost status Source of classification or shelving scheme Not for loan Home library Current library Date acquired Cost, normal purchase price Total Checkouts Full call number Barcode Date last seen Price effective from Koha item type
    Library of Congress Classification   Kabarak, Main Campus Kabarak, Main Campus 30/06/2022 4900.00   BV75.3 .L48 2019 c.1 031812 02/08/2024 30/06/2022 General Collection
Designed with assistance from East African Informatics Ltd